The unsung psychoanalyst : (Record no. 6082)
[ view plain ]
| 000 -LEADER | |
|---|---|
| fixed length control field | 00475cam a22001577a 4500 |
| 020 ## - ISBN | |
| International Standard Book Number | 080208978X (acidfree paper) |
| 050 00 - LIBRARY OF CONGRESS CALL NUMBER | |
| Classification Number | RC 438.6.E18 |
| Item Number | O54 2004 |
| 100 1# - MAIN ENTRY--Author | |
| Personal name | O'Neil, Mary Kay. |
| 245 14 - TITLE | |
| Title | The unsung psychoanalyst : |
| Remainder of title | the quiet influence of Ruth Easser / |
| Statement of responsibility, etc | Mary Kay O'Neil. |
| 260 ## - PUBLICATION, DISTRIBUTION, ETC.(IMPRINT) | |
| Place of publication, distribution, etc | Toronto ; |
| -- | Buffalo : |
| Name of publisher, distributor, etc | University of Toronto Press, |
| Date of publication, distribution, etc | c2004. |
| 300 ## - PHYSICAL DESCRIPTION | |
| Extent | xii, 250 p. : |
| 650 #0 - SUBJECT--TOPIC | |
| General subdivision | History. |
| 650 12 - SUBJECT--TOPIC | |
| General subdivision | history. |
| 650 #6 - SUBJECT--TOPIC | |
| General subdivision | Histoire. |
| 942 ## - ADDED ENTRY ELEMENTS(KOHA) | |
| Source of classification or shelving scheme | Library of Congress Classification |
| Koha item type | General circulation |
| Source of classification or shelving scheme | Not for loan | Location (home branch) | Sublocation (holding branch) | Shelving location | Date accessioned | Full call number | Barcode | Nonpublic note | Koha item type |
|---|---|---|---|---|---|---|---|---|---|
| Library of Congress Classification | Main Campus Library | Main Campus Library | 16/07/2015 | RC 438.6.E18 O54 2004 | 2015/012971 | jm | General circulation |